000 01157cam a22001814a 4500
005 20250605164354.0
008 250528s ||||||||||||||||||||||||d
035 _a24265
040 _aGR-AtMCL
_bgre
_dGR-AtMCL
_eAACR2
245 1 _aΧρήμα: Libra - Κρυπτονόμισμα ή Ψηφιακό Νόσμιμα
260 _bEthos Media,
_c2019
300 _a80
520 _aΤραπεζικά Δίκτυα: Πώς Αλλάζει το Τραπεζικό Κατάστημα στην Ψηφιακή Εποχή, Loyalty Schemes: Η Εποχή του Πεάτη Απαιτεί Προγράμματα Πιστότητας, 84η Διεθνής Έκθεση Θεσσαλονίκης: Μια Γιορτή Επιχειρηματικότητας και Καινοτομίας και Πολιτισμού, Εν Αρχή: Τι Σημαίνει για Αγορές και Επιχειρήσεις το Φθηνότερο Χρήμα, Ανάλυση VRS: Netflix Inc., Δια Ταύτα: τΟ Φθινόπωρο η Άρση των Capital Controls.
700 1 _aΟυζούνη Κωνσταντίνος
_99441
942 _cCR
999 _c9155
_d9155